आप भी बन सकते हैं करोड़पति जूनियर / (Record no. 14069)

MARC details
000 -LEADER
fixed length control field 01113nam a22002417a 4500
005 - DATE AND TIME OF LATEST TRANSACTION
control field 20080627145150.0
008 - FIXED-LENGTH DATA ELEMENTS--GENERAL INFORMATION
fixed length control field 080627t xxu||||| |||| 00| 0 hin d
010 ## - LIBRARY OF CONGRESS CONTROL NUMBER
LC control number HIN-83671
020 ## - INTERNATIONAL STANDARD BOOK NUMBER
International Standard Book Number 8182790336
Terms of availability 175.00
035 ## - SYSTEM CONTROL NUMBER
System control number HN-56017
037 ## - SOURCE OF ACQUISITION
Source of stock number/acquisition DBAD / PUB
040 ## - CATALOGING SOURCE
Original cataloging agency DPL
Language of cataloging HN
082 ## - DEWEY DECIMAL CLASSIFICATION NUMBER
Classification number 000 / भोलासं
100 ## - MAIN ENTRY--PERSONAL NAME
Personal name भोला, संजय
245 ## - TITLE STATEMENT
Title आप भी बन सकते हैं करोड़पति जूनियर /
Statement of responsibility, etc संजय भोला
246 ## - VARYING FORM OF TITLE
Title proper/short title Aap bhi ban sakate hain karorpati junior
Remainder of title by Sanjay Bhola
260 ## - PUBLICATION, DISTRIBUTION, ETC. (IMPRINT)
Place of publication, distribution, etc नौएडा (उ.प्र.)
Name of publisher, distributor, etc विनायक प्रकाशन
Date of publication, distribution, etc 2006
270 ## - ADDRESS
Address सी-29, सेक्टर-14
City नौएडा (उ.प्र.)
300 ## - PHYSICAL DESCRIPTION
Extent 167पृ
Dimensions 22सेमी(सजिल्द)
650 ## - SUBJECT ADDED ENTRY--TOPICAL TERM
Topical term or geographic name as entry element General Knowledge
942 ## - ADDED ENTRY ELEMENTS (KOHA)
Koha item type Hindi Books
Source of classification or shelving scheme Dewey Decimal Classification
Classification part 000
Call number suffix भोलास
Holdings
Withdrawn status Lost status Damaged status Not for loan Collection code Home library Current library Date acquired Source of acquisition Cost, normal purchase price Total Checkouts Full call number Barcode Date last seen Copy number Cost, replacement price Price effective from Koha item type
      Not For Loan Non-fiction D.B.Act.Division D.B.Act.Division 27/06/2008 पु.प्र.अ.प्र /प्रका 175.00   000 भोलासं HN-56017 15/09/2008 1 175.00 15/09/2008 Hindi Books

© Delhi Public Library
Hit Counter
free hit counter